Investičná správa poskytuje základné informácie o emitentovi

Základná funkcia investičnej správy - kumulovať relevantné informácie o príslušnom emitentovi. Podkladový materiál pri investičnom rozhodovaní. Skladá sa zo štyroch častí: 1. základná charakteristika spoločnosti, 2. finančné ukazovatele, 3. podrobnejší popis činnosti podniku, 4. zhodnotenie aktuálne...

ver descrição completa

Na minha lista:
Detalhes bibliográficos
Autor principal: Holzmann, Radoslav
Formato: Capítulo de Livro
Idioma:eslovaco
Assuntos:
Tags: Adicionar Tag
Sem tags, seja o primeiro a adicionar uma tag!

MARC

LEADER 00000naa a2200000 4500
001 r022147
005 20230921075845.6
041 0 |a slo 
044 |a SK 
245 1 0 |a Investičná správa poskytuje základné informácie o emitentovi  |c R. Holzmann 
520 |a Základná funkcia investičnej správy - kumulovať relevantné informácie o príslušnom emitentovi. Podkladový materiál pri investičnom rozhodovaní. Skladá sa zo štyroch častí: 1. základná charakteristika spoločnosti, 2. finančné ukazovatele, 3. podrobnejší popis činnosti podniku, 4. zhodnotenie aktuálneho vývoja ceny akcií emitenta. 
610 2 0 |a správy investičné 
610 2 0 |a emitenti 
610 2 0 |a informácie 
610 2 0 |a investori 
610 2 0 |a podnik 
610 2 0 |a ukazovatele finančné 
610 2 0 |a ceny 
610 2 0 |a akcie 
610 2 0 |a Capital Partners, o.c.p., a.s. Bratislava 
100 1 |a Holzmann, Radoslav